| 000 | 00376nam a2200145Ia 4500 | ||
|---|---|---|---|
| 008 | 150201s2003 xx 000 0 und d | ||
| 082 |
_a576 _bM2003A |
||
| 100 | _aARORA,D.R. | ||
| 245 | _aTEXT BOOK OF MICROBIOLOGY | ||
| 250 | _a2ND | ||
| 260 |
_bC.B.S PUBLISHERS & DISTRIBUTERS _aDARYAGANJ ( NEW DELHI) _c2003 |
||
| 300 | _a1-686 | ||
| 650 | _aMICROBIOLOGY | ||
| 942 |
_2ddc _cBK |
||
| 999 |
_c2633 _d2633 |
||